000 00789nam a2200277Ia 4500
003 OSt
005 20220912151228.0
006 a|||||r|||| 00| 0
007 ta
008 220909b |||||||| |||| 00| 0 eng d
024 _a14816
037 _cTextual
040 _aCSL
_beng
_cCSL
041 _aeng
082 _aI1, G8.2 TI
100 _aSmith Gilbert M
245 0 _aCryptogamic botany
260 _aNew York McGraw-Hill Book Company,Inc.
_c1938
300 _avii, 380p.
_ccm.
490 _aMcGraw Hill publications in the botanical sciences
500 _aIncludes bibliographical references.; Index 367-380p.
_ccm.
650 _a Cryptogamic botany
650 _aBotany
942 _hI1, G8.2 TI
_cTEXL
_2CC
999 _c64047
_d64047